| 000 | 00534nam a22001815i 4500 | ||
|---|---|---|---|
| 001 | 68611 | ||
| 003 | ES-MaACL | ||
| 005 | 20250805064133.0 | ||
| 007 | t| | ||
| 008 | 960812s1877 fr ||||1| fre d | ||
| 040 |
_aCAM _bspa _cCAM |
||
| 100 | 1 |
_aGautier, Théophile, _d1811-1872 _9170960 |
|
| 245 | 1 | 0 |
_aRomans et contes / _cThéophile Gautier. |
| 260 |
_aParis : _bG. Charpentier, _c1877 ( _fimprimerie de E. Martinet) |
||
| 300 |
_a[4], 458, [1] p. ; _c18 cm. |
||
| 852 |
_aES-MaACL _jG-14482 |
||
| 999 |
_c68611 _d68611 |
||